|
|
|
|
| LEADER |
01181nam a2200253 a 4500 |
| 001 |
13381497 |
| 008 |
091217s2005 maua b 001 0 eng d |
| 010 |
|
|
|a 2003066619
|
| 020 |
|
|
|a 0072917873 (alk. paper)
|
| 020 |
|
|
|a 9780072917871
|
| 040 |
|
|
|a DLC
|c DLC
|d DLC
|d BD-DhAAL
|
| 082 |
0 |
0 |
|a 305.235
|2 22
|
| 100 |
1 |
|
|a Steinberg, Laurence D.,
|d 1952-
|
| 245 |
1 |
0 |
|a Adolescence /
|c Laurence Steinberg.
|
| 250 |
|
|
|a 7th ed.
|
| 260 |
|
|
|a Boston, Mass. :
|b McGraw-Hill Higher Education,
|c c2005.
|
| 300 |
|
|
|a xv, 475, [116] p. :
|b col. ill. ;
|c 27 cm.
|
| 504 |
|
|
|a Includes bibliographical references (R-1-R-74) and indexes.
|
| 541 |
1 |
|
|e 00017516
|
| 650 |
|
0 |
|a Adolescent psychology
|v Textbooks.
|
| 852 |
4 |
|
|a Ayesha Abed Library
|j General shelf
|
| 999 |
|
|
|c 6189
|d 6189
|
| 952 |
|
|
|0 0
|1 0
|2 ddc
|4 0
|6 305_235000000000000_STE_2005
|7 0
|9 6208
|a BRACUL
|b BRACUL
|c GEN
|d 2009-12-19
|g 0.00
|l 1
|m 24
|o 305.235 STE
|p 3010017516
|r 2024-11-03
|s 2024-04-15
|t 1
|w 2009-12-19
|y BK
|x No price found in the accession register.
|
| 952 |
|
|
|0 0
|1 0
|2 ddc
|4 0
|6 305_235000000000000_STE_2005
|7 0
|9 6209
|a BRACUL
|b BRACUL
|c GEN
|d 2009-12-19
|g 0.00
|l 0
|o 305.235 STE
|p 3010017515
|r 2009-12-19
|t 2
|w 2009-12-19
|y BK
|x No price found in the accession register.
|